| 000 | 01901ncm0a22003851 4500 | ||
|---|---|---|---|
| 001 | RU\NLR\ONIZ\219718 | ||
| 005 | 20250626085206.0 | ||
| 013 | _a979-0-706431-87-1 | ||
| 021 |
_aRU _b17-97н _917-6н |
||
| 035 | _aRU\NLR\ONIZ\Таня\5000005553\20170922155436 | ||
| 035 | _a(NLR Aleph) 011535308 | ||
| 090 |
_a12166446 _c12166446 |
||
| 100 | _a20170922d2017 |||y0rusy50 ca | ||
| 101 | 0 |
_aeng _arus _feng _frus |
|
| 102 | _aRU | ||
| 125 | _azx | ||
| 128 | _asn | ||
| 145 | 0 | _ab | |
| 200 | 1 |
_aСоната № 1 _bНоты _aСоната № 2 _eдля фп. _fТ. Шахиди |
|
| 210 |
_aМосква _cКомпозитор _d2017 |
||
| 215 |
_a52 с. _cфотопортр. _d30 см |
||
| 300 | _aКрат. биогр. сведения: с. 4 обл. | ||
| 313 | _aСистематизация документа проведена по изданию - Методика классифицирования музыкальных произведений (нотных изданий) по таблицам Библиотечно-библиографических классификаций : метод. рекомендации / Гос. б-ка СССР им. В.И. Ленина.- М., 1977. Индексу ББК методических рекомендаций присваивается код ББК для научных библиотек - LBC/SL | ||
| 606 | 1 |
_aСонаты для фортепиано _2nlr_sh |
|
| 686 |
_aЩ954.2-041я44(2Т) _vLBC/SL _2rubbk |
||
| 700 | 1 |
_9z01790 _aШахиди _bТ. З. _f1946- _gТолибхан Зиядуллаевич _4230 |
|
| 790 | 1 |
_9z01700 _aShaxidi _bT. Z. _f1946- _gTolibxon Ziyadullaevich _4230 |
|
| 801 | 0 |
_aRU _bNLR _c20170922 _gPSBO |
|
| 801 | 1 |
_aRU _bNLR _c20170922 _2rusmarc |
|
| 801 | 2 |
_aRU _bNLR _c20170922 |
|
| 852 |
_aNLR _bМ _jК-3/28790 _pМОЭ 2017-6н/97н _t1 |
||
| 942 | _cSCORE | ||
| 980 | _aNB | ||
| 980 | _aONIZ | ||